Contemporary issues in management research/ (Record no. 196524)

MARC details
000 -LEADER
fixed length control field 00582nam a22001937a 4500
005 - DATE AND TIME OF LATEST TRANSACTION
control field 20230714111955.0
010 ## - LCCN (DPL NO)
LC control number ENG-137383
020 ## - INTERNATIONAL STANDARD BOOK NUMBER
Terms of availability 495.00
International Standard Book Number 9788174467096
035 ## - SYSTEM CONTROL NUMBER
System control number EN-120915
037 ## - SOURCE OF ACQUISITION
Source of stock number/acquisition DBAD/PUB
082 ## - DEWEY DECIMAL CLASSIFICATION NUMBER
Classification number 658.0072
245 00 - TITLE STATEMENT
Title Contemporary issues in management research/
Statement of responsibility, etc Edited by P David Jawahar
260 ## - PUBLICATION, DISTRIBUTION, ETC. (IMPRINT)
Place of publication, distribution, etc New Delhi
Name of publisher, distributor, etc Excel Books
Date of publication, distribution, etc 2009
270 ## - ADDRESS
Address A-45 Naraina phase 1
City New Delhi
Postal code 110028
300 ## - PHYSICAL DESCRIPTION
Extent 318p.;
Dimensions 25cm(hbk)
500 ## - GENERAL NOTE
General note Includes index
700 ## - ADDED ENTRY--PERSONAL NAME
Personal name P David Jawahar
Relator term Edited
942 ## - ADDED ENTRY ELEMENTS (KOHA)
Source of classification or shelving scheme Dewey Decimal Classification
Item type English Books
Call number suffix CON
Classification part 658.0072
Holdings
Withdrawn status Lost status Not for loan Collection code Home library Current library Date acquired Source of acquisition Cost, normal purchase price Full call number Barcode Copy number Cost, replacement price Koha item type
      Non-fiction D.B.Act.Division D.B.Act.Division 14/07/2023 DBAD/PUB 495.00 658.0072 CON EN-120915 1 495.00 English Books

© Delhi Public Library
Hit Counter
free hit counter